Ronacrete - Joltec systém oprav a ochrany betonu

Bibliographic Details
Main Author: Šimeček, Vladimír (Author)
Format: Article
Language:Czech
PhysicalDescription:Res. čes., lit. 3 zázn. v angl.
Subjects:

MARC

LEADER 00000nab a2200000 a 4500
001 vtls000469016
003 SK-MaSNL
005 20260303195150.0
008 230120c1992 xo 0 cze
015 |a SNBRB19rr/mm-uuuuu 
035 |a CL0469149 
035 |a urn:nbn:sk:snk-ab2kqq 
035 |a (urnnbn)urn:nbn:sk:snk:ar-a02kqi 
035 |a (uuid)ae0410a8-7dcf-47be-a491-151b333c2873 
040 |a SNKBUCL  |b slo  |c SNKBUCL  |e AACR2 
041 0 |a cze 
044 |a xo  |c SK 
080 |a 691.3.059.25  |2 1981 
080 |a 624.012.4.004.67  |2 1981 
100 1 |a Šimeček, Vladimír  |4 aut  |9 1114858 
245 1 0 |a Ronacrete - Joltec systém oprav a ochrany betonu  |c Vladimír Šimeček 
300 |b Res. čes., lit. 3 zázn. v angl. 
650 0 7 |a betón  |2 snkbucl  |9 1685 
650 0 7 |a betónové konštrukcie  |2 snkbucl  |9 1686 
655 7 |a články z novín a časopisov  |2 snkbucl  |9 267496 
773 0 |t Inžinierske stavby  |g Roč. 40, č. 9 (1992), s. 330-331 
850 |a Slovenská národná knižnica v Martine  |a MTA001 
852 |a SNK  |b KIS3GCP 
954 |a odborná, vedecká literatúra cudzojazyčná (svetová)  |2 lita 
958 |a RK 
958 |a OND 
958 |a EUIPO 
958 |a article2022 
992 |a RBX 
999 |c 2161252  |d 2163182